000
00261nam a22001217a 4500
008
170316b xxu||||| |||| 00| 0 eng d
041
_a
eng
080
_a
616.8
100
_a
7
101
_a
SHM
245
_a
NEUROSURGICAL TECHNIQUES
_c
ASENJO.A
942
_2
udc
_c
BK
999
_c
7982
_d
7982